000 00596nam a22001937a 4500
003 DO-SdBNP
005 20220113094740.0
007 ta
008 220113b2016 ||||| |||| 00| 0 eng d
040 _aDO-SdBNP
_bspa
_cBNPHU
245 _aPoemas esenciales de Salomé Ureña /
_bcompilador Tomás Castro Burdiez
260 _aSanto Domingo :
_bFundación Educarte,
_c2016.
300 _a24 p. ;
_c21 cm.
490 1 _aCuadernos Educativos y Culturales
_v10
590 _aInventariado, 2022/BT
830 0 _nCuadernos Educativos y Culturales
_p10
_980920
910 _aBtavárez
942 _2ddc
_cLBS1
999 _c51156
_d51156